Can you answer all 15? Quiz VII - Statistics

General Stats
  • This quiz has been taken 26 times
  • The average score is 9 of 15
Answer Stats
Question Answer % Correct
What hard, white material is made from tusks and animal teeth? Ivory
91%
What is the last letter of the Greek Alphabet? Omega
86%
Which US State is the island of Unalaska part of? Alaska
82%
Who served as the 5th president of Iraq between 1979-2003? Saddam Hussein
82%
What ape-like beast does legend say inhabits Tibet, Nepal, India and Bhutan? Yeti
82%
What is the name of the Christian calendar? Gregorian
77%
The Nguni Shield is commonly identified as the symbol of which South African tribe? Zulu
77%
What is sound intensity measured in? Decibels
73%
What sport does Kimi Raikkonen compete in? Formula 1
73%
What song by David Guetta is titled after an element? Titanium
55%
How many minutes are there in a day? 1440
50%
In the TV series "FRIENDS" who is the oldest? Chandler
50%
What tissue connects muscles to bones? Tendons
45%
What color berets do the American airborne units wear? (be specific) Maroon
18%
Who is Superman´s uncle? General Zod
5%
No matching quizzes found
Score Distribution
Percent of People with Each Score
Percentile by Number Answered
Your Score History
You have not taken this quiz